When someone you love has a mental illness : (Record no. 1139)

MARC details
000 -LEADER
fixed length control field 00928cam a22003018a 4500
005 - DATE AND TIME OF LATEST TRANSACTION
control field 20260322212048.0
008 - FIXED-LENGTH DATA ELEMENTS--GENERAL INFORMATION
fixed length control field data
010 ## - LIBRARY OF CONGRESS CONTROL NUMBER
LC control number 2003055233
020 ## - INTERNATIONAL STANDARD BOOK NUMBER
International Standard Book Number 0874776953 (pbk. : alk. paper)
020 ## - INTERNATIONAL STANDARD BOOK NUMBER
International Standard Book Number 9780874776959 (pbk. : alk. paper)
040 ## - CATALOGING SOURCE
Original cataloging agency DLC
Transcribing agency DLC
042 ## - AUTHENTICATION CODE
Authentication code pcc
050 00 - LIBRARY OF CONGRESS CALL NUMBER
Classification number RC439.5
Item number .W65 2003
082 00 - DEWEY DECIMAL CLASSIFICATION NUMBER
Classification number 362.2/4
Edition information 21
092 ## - LOCALLY ASSIGNED DEWEY CALL NUMBER (OCLC)
Classification number 362.2 W65 2003
001 - CONTROL NUMBER
control field data
100 1# - MAIN ENTRY--PERSONAL NAME
Personal name Woolis, Rebecca.
245 10 - TITLE STATEMENT
Title When someone you love has a mental illness :
Remainder of title a handbook for family, friends, and caregivers /
Statement of responsibility, etc. Rebecca Woolis.
250 ## - EDITION STATEMENT
Edition statement [Rev. & expanded ed.]
260 ## - PUBLICATION, DISTRIBUTION, ETC.
Place of publication, distribution, etc. New York :
Name of publisher, distributor, etc. Jeremy P. Tarcher/Putnam,
Date of publication, distribution, etc. c2003.
263 ## - PROJECTED PUBLICATION DATE
Projected publication date 0311
300 ## - PHYSICAL DESCRIPTION
Extent p. cm.
504 ## - BIBLIOGRAPHY, ETC. NOTE
Bibliography, etc. note Includes bibliographical references and index.
650 #0 - SUBJECT ADDED ENTRY--TOPICAL TERM
Topical term or geographic name entry element Mentally ill
General subdivision Home care.
650 #0 - SUBJECT ADDED ENTRY--TOPICAL TERM
Topical term or geographic name entry element Mentally ill
General subdivision Care.
650 #0 - SUBJECT ADDED ENTRY--TOPICAL TERM
Topical term or geographic name entry element Mentally ill
General subdivision Family relationships.
650 #0 - SUBJECT ADDED ENTRY--TOPICAL TERM
Topical term or geographic name entry element Mentally ill
General subdivision Life skills guides.
Holdings
Withdrawn status Lost status Damaged status Not for loan Home library Current library Shelving location Date acquired Total checkouts Full call number Barcode Date last seen Price effective from Koha item type
        Franklin Franklin General stacks 22/03/2026   362.2/4 21 BC0011177 22/03/2026 22/03/2026 Books